00381pab a2200133 454500008004000000100001900040245010100059260000900160300001400169362000800183650001300191650001800204773002500222180718b2009 xxu||||| |||| 00| 0 eng d aLui, Steven S. aThe roles of competence trust, formal contract, and time horizon in interorganizational learning c2009 ap.333-53. aApr aLearning aOrganizations aOrganization Studies